000 00314nam a22001337a 4500
008 170127b xxu||||| |||| 00| 0 eng d
020 _a0815198574
041 _aeng
080 _a61
100 _a3
101 _aSHM
245 _aCOLOR ATLAS OF PHYSICAL SIGNS IN GENERAL MEDICINE
_cZATOUROFF, M
942 _2udc
_cBK
999 _c3864
_d3864